Mastering Hyper-V deployment (Record no. 221943)
[ view plain ]
| 000 -LEADER | |
|---|---|
| fixed length control field | 02620nam a2200373 a 4500 |
| 082 04 - DEWEY DECIMAL CLASSIFICATION NUMBER | |
| Classification number | 005.4/476 |
| 100 1# - MAIN ENTRY--AUTHOR NAME | |
| Personal name | Finn, Aidan, |
| 245 10 - TITLE STATEMENT | |
| Title | Mastering Hyper-V deployment |
| 260 ## - PUBLICATION, DISTRIBUTION, ETC. (IMPRINT) | |
| Place of publication | Indianapolis, Ind. : |
| Name of publisher | Wiley Technology Pub., |
| Year of publication | c2011. |
| 300 ## - PHYSICAL DESCRIPTION | |
| Number of Pages | xxvi, 574 p. : |
| Other physical details | ill. |
| 500 ## - GENERAL NOTE | |
| General note | Includes index. |
| 505 0# - FORMATTED CONTENTS NOTE | |
| Formatted contents note | pt. 1. Overview -- pt. 2. Planning -- pt. 3. Deploying core virtualization technologies -- pt. 4. Advanced management -- pt. 5. Additional operations. |
| 520 ## - SUMMARY, ETC. | |
| Summary, etc | "The only book to take an in-depth look at deploying Hyper-V Now in its second generation, the popular Hyper-V boasts technical advances that create even more dynamic systems than ever before. This unique resource serves an authoritative guide to deploying Windows Server 2008 R2 Hyper-V comprehensively. Step-by-step instructions demonstrate how to design a Hyper-V deployment, build a Hyper-V host environment, and design a management system with System Center Virtual Machine Manager 2008 R2. Features real-world examples that show you how to design a Hyper-V deployment, build a Hyper-V host environment, and design a management system Walks you through incorporating System Center Operations Manager 2008 R2, System Center Data Protection Manager 2010, and System Center Essentials 2010 Offers authoritative coverage of Hyper-V security, business continuity, and an array of VM roles, including domain controllers, Exchange Server, SQL Server, and System Center This in-depth guide is the ultimate resource for system administrators, engineers, and architects, and IT consultants deploying Hyper-V."-- |
| 650 #0 - SUBJECT ADDED ENTRY--TOPICAL TERM | |
| Topical Term | Virtual computer systems. |
| 700 1# - ADDED ENTRY--PERSONAL NAME | |
| Personal name | Lownds, Patrick, |
| 856 40 - ELECTRONIC LOCATION AND ACCESS | |
| Uniform Resource Identifier | http://site.ebrary.com/lib/rucke/Doc?id=10469845 |
| 520 ## - SUMMARY, ETC. | |
| -- | Provided by publisher. |
No items available.
